| 000 | 01020nam a22002537a 4500 | ||
|---|---|---|---|
| 001 | 44558 | ||
| 003 | BD-RjUL | ||
| 005 | 20211209053859.0 | ||
| 008 | 160718s1952 ii ||||| |||| 00| 0 ben d | ||
| 020 | _c: IRs 2.50 | ||
| 035 | _a(BD-RjUL)44676 | ||
| 040 |
_aBD-RjUL _bben _cBD-RjUL |
||
| 041 | _aben | ||
| 082 |
_223 _a079.5414 _bBAB 1952 |
||
| 100 |
_aবন্দ্যোপাধ্যায়, ব্রজেন্দ্রনাথ _9136719 |
||
| 245 | 1 | 0 |
_aবাংলা সাময়িক-পত্র ১৮৬৮-১৯০০ / _cবব্রজেন্দ্রনাথ ন্দ্যোপাধ্যায় |
| 250 | _a২য় সং. | ||
| 260 |
_aকলিকাতা : _bবঙ্গীয়-সাহিত্য-পরিষৎ, _c১৯৫২ |
||
| 300 |
_a খণ্ড ; _c২১ সেমি |
||
| 505 | 0 | _aখণ্ড ২ -- | |
| 650 |
_aবাংলা সাময়িকপত্র _9136720 |
||
| 650 |
_aBengali Pamphelts _9136721 |
||
| 942 |
_2ddc _cBK |
||
| 999 |
_c44558 _d44558 |
||